| 000 | 00678nab a2200229 a 4500 | ||
|---|---|---|---|
| 005 | 20210223130947.0 | ||
| 008 | 991125s1985 mx 000 0 spa u | ||
| 035 | _aUPN01000169731 | ||
| 100 | 1 |
_aFernández, Catalina _942874 |
|
| 240 | 1 | 3 | _aLa evolución del pensamiento ordinal en los escolares de 3 a 6 años |
| 245 | 0 | 0 | _aINFANCIA Y APRENDIZAJE = |
| 245 | 0 | 0 | _bJOURNAL FOR THE STUDY OF EDUCATION AND DEVELOPMENT |
| 260 | _aMadrid, España | ||
| 300 | _a107-130 | ||
| 362 | 0 | _a2008 Vol. 31, no. 1, feb. | |
| 653 | 0 | _aCONTEO | |
| 653 | 0 | _aNUMEROS NATURALES | |
| 653 | 0 | _aSECUENCIA NUMERICA | |
| 700 | 1 | _aOrtiz, Alfonso, | |
| 700 | 1 | _ecoaut. | |
| 902 | _aArticulo | ||
| 999 |
_c141837 _d141837 |
||